Evaluation of the changes in maxillary sinus mucosal thickening and maxillary ostium before & after sinus augmentation during implant placement -CBCT study (Record no. 34624)
[ view plain ]
| 000 -LEADER | |
|---|---|
| fixed length control field | 00430nam a22001337a 4500 |
| 003 - CONTROL NUMBER IDENTIFIER | |
| control field | SGT |
| 082 ## - DEWEY DECIMAL CLASSIFICATION NUMBER | |
| Classification number | 617.63 |
| Item number | E26M |
| 100 ## - MAIN ENTRY--PERSONAL NAME | |
| Personal name | Dr. Muskan |
| 245 ## - TITLE STATEMENT | |
| Title | Evaluation of the changes in maxillary sinus mucosal thickening and maxillary ostium before & after sinus augmentation during implant placement -CBCT study |
| 260 ## - PUBLICATION, DISTRIBUTION, ETC. (IMPRINT) | |
| Place of publication, distribution, etc | Gurugram |
| Name of publisher, distributor, etc | SGTU |
| Year of Publication | March 2026 |
| 300 ## - PAGE DESCRIPTION | |
| No. of Pages | 91 |
| 650 ## - SUBJECT ADDED ENTRY--TOPICAL TERM | |
| Topical term or geographic name as entry element | Oral Medicine & Radiology |
| 942 ## - ADDED ENTRY ELEMENTS (KOHA) | |
| Source of classification or shelving scheme | Dewey Decimal Classification |
| Koha item type | Thesis/Dissertation |
No items available.